Abraham Lincoln / (Record no. 2290)

MARC details
000 -LEADER
fixed length control field 01963cam a2200265 a 4500
005 - DATE AND TIME OF LATEST TRANSACTION
control field 20231115110951.0
020 ## - INTERNATIONAL STANDARD BOOK NUMBER
International Standard Book Number 0736810862
020 ## - INTERNATIONAL STANDARD BOOK NUMBER
International Standard Book Number 9780736845229
040 ## - CATALOGING SOURCE
Original cataloging agency DLC
Transcribing agency DLC
Modifying agency DLC
Language of cataloging eng
050 00 - LIBRARY OF CONGRESS CALL NUMBER
Classification number E457.905
Item number .O24 2002
082 00 - DEWEY DECIMAL CLASSIFICATION NUMBER
Classification number 973.7/092
-- B
Edition number 21
100 1# - MAIN ENTRY--PERSONAL NAME
Personal name Oberle, Lora Polack
245 10 - TITLE STATEMENT
Title Abraham Lincoln /
Statement of responsibility, etc. by Lora Oberle ; consultant, Steven M. Wilson.
260 ## - PUBLICATION, DISTRIBUTION, ETC.
Place of publication, distribution, etc. North Mankato :
Name of publisher, distributor, etc. Bridgestone Books,
Date of publication, distribution, etc. 2002
300 ## - PHYSICAL DESCRIPTION
Extent 48 pages :
Other physical details Illustrations
Dimensions 25 cm
505 ## - FORMATTED CONTENTS NOTE
Formatted contents note R
520 ## - SUMMARY, ETC.
Summary, etc. This book is a dedication to the 16th President and commander-in-chief of the United States of America: Abraham Lincoln. To show how respected and influential President Lincoln was, before, during, and after his reign and tenure as President, this book traces a genealogical line through his life, death, and legacy.To begin, this book explores Lincoln's childhood and some of the experiences and events that may have had a hand in him becoming one of the most famous American presidents.Moving forward, this book includes chapters that each touch on and highlight topics such as Lincoln's entrance into the political arena, memorable moments from the Lincoln presidency, and the controversy of his death.The final chapter includes and explores the legacy Abraham Lincoln left behind, both for his family and for the American people, not to mention people worldwide who remain to be influenced by his words and actions.Ultimately, this book shows and explores the reasons why President Abraham Lincoln is remembered to be one of the greatest presidents of the United States of America, and why his death was such a shock, trauma, and tragedy for those who truly believed in his greatness.
521 ## - TARGET AUDIENCE NOTE
Target audience note 800
Source Lexile estimate
521 ## - TARGET AUDIENCE NOTE
Target audience note R
Source Raz-Plus
650 #0 - SUBJECT ADDED ENTRY--TOPICAL TERM
Topical term or geographic name entry element Presidents
Geographic subdivision United States
Form subdivision Biography
-- Juvenile literature.
650 #1 - SUBJECT ADDED ENTRY--TOPICAL TERM
Topical term or geographic name entry element Presidents.
906 ## - LOCAL DATA ELEMENT F, LDF (RLIN)
a 7
b cbc
c orignew
d 1
e ecip
f 20
g y-gencatlg
942 ## - ADDED ENTRY ELEMENTS (KOHA)
Source of classification or shelving scheme Dewey Decimal Classification
Koha item type Books
Suppress in OPAC No
999 ## -
-- 2290
-- 2290
Holdings
Withdrawn status Lost status Source of classification or shelving scheme Damaged status Not for loan Collection Home library Current library Shelving location Date acquired Total Checkouts Full call number Barcode Date last seen Price effective from Koha item type
    Dewey Decimal Classification     Non-Fiction Footprints International School Library Network Toul Kork Campus Footprints International School Library Network Toul Kork Campus   11/15/2023   OBE 973.7/092 E457.905 FISTK00642 11/15/2023 11/15/2023 Books